Statistiken für Hauptstädte am nächsten an Jerusalem

Klicken Sie hier um das Quiz zu spielen!

Allgemein

  • Dieses Quiz wurde 6.458 mal gespielt
  • Das Durchschnittsergebnis liegt bei 14 aus 20

Antworten auf der Karte

Die Antworten werden auf der Karte rot bzw. grün angezeigt, abhängig davon wie oft sie richtig erraten wurden.
 

Antwortstatistiken

KmHauptstadt% Korrekt
932Ankara
93%
430Kairo
91%
1256Athen
90%
879Bagdad
79%
1559Teheran
79%
217Damaskus
78%
1606Sofia
77%
237Beirut
76%
1376Riad
75%
1619Bukarest
74%
1736Tirana
68%
415Nikosia
67%
1670Skopje
65%
1628Baku
64%
71Amman
62%
1250Kuwait-Stadt
61%
1396Tiflis
61%
1735Priština
59%
1253Jerewan
52%
1616Manama
40%

Verteilung der Resultate

Perzentil nach korrekt beantworteten Fragen

Anzahl Personen mit jedem Resultat

Ihre Resultats-Entwicklung

Sie haben dieses Quiz noch nicht gespielt